| 000 | 00826nac a22002051u 4500 | ||
|---|---|---|---|
| 010 | _a 89049699 | ||
| 020 | _a0070199493 | ||
| 020 | _a007100727X | ||
| 082 | 0 | 0 |
_a621.39/5 _bF126 |
| 090 |
_c354 _d354 |
||
| 100 | _aFabricius, Eugene D. | ||
| 245 | 1 | 0 |
_aIntroduction to VLSI design / _cEugene D. Fabricius. |
| 260 |
_aNew York : _bMcGraw-Hill, _cc1990. |
||
| 300 |
_axvii, 406 p., 8 p. of plates : _bill. (some col.) ; _c24 cm. |
||
| 440 | 0 | _aMcGraw-Hill series in electrical engineering. | |
| 440 | 0 | _aMcGraw-Hill series in electical engineering. | |
| 650 | 0 |
_aIntegrated circuits _xVery large scale integration _xComputer-aided design. |
|
| 942 |
_cBB _k621.395F126 |
||
| 999 |
_c354 _d354 |
||